| 000 | 00960nam a2200265 i 4500 | ||
|---|---|---|---|
| 001 | 183342 | ||
| 003 | ES-MaACL | ||
| 005 | 20251014063257.0 | ||
| 008 | 140327s2012 sp a | |||||||| | spa d | ||
| 020 | _a978-84-7960-483-7 | ||
| 080 | _a929 Hernández, Miguel | ||
| 080 | _a821.134.2 Hernández, Miguel 1.07 | ||
| 100 | 1 |
_aEsteve Ramírez, Francisco, _d1942- _9152978 |
|
| 245 | 1 | 0 |
_aHuellas de Miguel Hernández / _cFrancisco Esteve Ramírez. |
| 260 |
_aMadrid : _bEdiciones de la Torre, _c2012. |
||
| 300 |
_a234 p. : _bil. ; _c24 cm. |
||
| 490 | 1 |
_aBiblioteca de nuestro mundo ; _v39. Logos |
|
| 500 | _aÍndices. | ||
| 504 | _aBibliografía: p. [219]-222. | ||
| 600 | 1 | 4 |
_aHernández, Miguel, _d1910-1942- _xCrítica e interpretación _962846 |
| 830 | 1 |
_aBiblioteca de nuestro mundo ; _v39. Logos _9223699 |
|
| 852 | 4 |
_aES-MaACL _jA-13082 _9190281 _bR.149909 _cDEPO1 _dOlim: N-6082 |
|
| 942 |
_2udc _cMONOGRAFIA |
||
| 999 |
_c183342 _d183342 |
||